000 00482nam a22001697a 4500
003 MPLRDC
005 20220104190841.0
008 210129b ||||| |||| 00| 0 eng d
020 _aISSN 1017-4265
082 _a050.1 DZWZ v.9 2011
100 _a张青 执行编辑
245 _a读者文摘.九月号2011
_c
260 _a香港
_b读者文摘远东有限公司
_c2011
300 _b
650 _a连续性出版品; 期刊--读者文摘
942 _cBK
_o050.1 DZWZ v.9 2011
999 _c63974
_d63964